| 000 | 00521nam a2200205 a 4500 | ||
|---|---|---|---|
| 001 | 3319 | ||
| 005 | 20140414131911.0 | ||
| 008 | 040117s19uu xx 00 eng d | ||
| 020 | _a0-7214-1546-6 | ||
| 050 |
_aER _bEl1 1993 |
||
| 100 | _aStevenson, Peter | ||
| 245 |
_aElves and the shoemaker (The) / _cillustrated by Peter Stevenson. |
||
| 260 |
_aU.K : _bLadybird, _c1993. |
||
| 300 | _ap. ; cm. | ||
| 440 | _aFavourite Tales | ||
| 650 | _aFolklore. | ||
| 999 |
_c111240 _d111240 |
||